00349nam a2200133Ia 4500003000400000005001700004008004100021040000700062041000800069082001700077245006600094260004700160365000800207OSt20230628164210.0210423s9999 xx 000 0 und d cAL aeng a370 CBWM223 aRules and regulations of central board for workers education. bCentral Institute of Indian Languagec2003 cINR